• 首页
  • 本馆介绍
  • 公告通知
  • 最新文献
  • 馆藏检索
  • 电子资源
  • 读者导购
  • 参考咨询
  • 我的图书馆
  • 登录
  • 详细信息显示
  • 放入我的书架
  • 预约/预借图书
  • 作者相关作品
  • 分类相关作品
  • 丛书相关作品
  • 出版社相关作品

书目信息

  • 表格格式
  • 工作单格式
  • 卡片格式
题名:
枫丹白露的桐叶
    
 
作者: 柳鸣九 著
分册:  
出版信息: 北京   社会科学文献出版社  2000.12
页数: 306页
开本: 32开
丛书名: 法国当代文学广角文丛
单 册:
中图分类: I565.074
科图分类:
主题词: 现代文学--文学研究--方法
电子资源:
ISBN: 7-80149-394-X
000 00643nam0 2200217 45
001 0204221474
005 20031219104054.9
010    @a7-80149-394-X@dCNY19.00
100    @a20020422d2000 km y0chiy0120 ea
101 0  @achi
105    @a z 000yy
200 1  @a枫丹白露的桐叶@AFeng Dan Bai Lu De Tong Ye@f柳鸣九著@FLiu Ming Jiu Zhu
210    @a北京@c社会科学文献出版社@d2000.12
215    @a306页@d32开
225    @a法国当代文学广角文丛
410    @12001 @a法国当代文学广角文丛
606 0  @a现代文学@x文学研究@x方法
690    @aI565.074@v4
701    @a柳鸣九@4著
801    @aCN@bTSTC@c20020422
905    @b308854-858@dI565.074@e319@f5
    
    枫丹白露的桐叶/柳鸣九著.-北京:社会科学文献出版社,2000.12
    306页;32开.-(法国当代文学广角文丛)
    
    
    ISBN 7-80149-394-X:CNY19.00
    
●
相关链接 在E读中查询图书 在五车中查询图书 在当当中查询图书 在豆瓣中查询图书


正题名:枫丹白露的桐叶     索取号:I565.074/319         预约/预借

序号 登录号 条形码 馆藏地/架位号 状态 备注
1 0308854   203088540   第二借阅区/ [索取号:I565.074/319] 在馆    
2 0308855   203088559   第二借阅区/ [索取号:I565.074/319] 在馆    
3 0308856   203088568   第二借阅区/ [索取号:I565.074/319] 在馆    
4 0308857   203088577   第二借阅区/ [索取号:I565.074/319] 在馆    
5 0308858   203088586   第一样本阅览室/ [索取号:I565.074/319] 在馆    
唐山师范学院图书馆 欢迎您!
大连网信软件有限公司© 版权所有